Přírodní způsoby čištení znečištěných povrchových a odpadních vod
Salvato in:
| Autori principali: | , |
|---|---|
| Natura: | Libro |
| Lingua: | ceco |
| Pubblicazione: |
Praha
Informační centrum ČKAIT, s.r.o.
2006
|
| Edizione: | 1. vyd. |
| Accesso online: | Visualizza in OPAC |
| Tags: |
Nessun Tag, puoi essere il primo ad aggiungerne!!
|
MARC
| LEADER | 00000nam a2200000 a 4500 | ||
|---|---|---|---|
| 005 | 20260127134312.0 | ||
| 008 | 180711 2006 xr a 000 0 cze d | ||
| 020 | |a 8086769747 | ||
| 035 | |a vtls011766203 | ||
| 039 | 9 | |y 201807110901 |z mschk03 | |
| 040 | |a STUSCHK1 |b slo |c STUSCHK1 |e AACR2 | ||
| 100 | 1 | |a Šálek Jan | |
| 245 | 1 | |a Přírodní způsoby čištení znečištěných povrchových a odpadních vod |c Jan Šálek, Václav Tlapák | |
| 250 | |a 1. vyd. | ||
| 260 | |a Praha |b Informační centrum ČKAIT, s.r.o. |c 2006 | ||
| 300 | |a 283 s. |b il. |c 25 cm | ||
| 700 | 1 | |a Tlapák, Václav |4 aut | |
| 910 | |a SCHK95 | ||
| 919 | |a 80-86769-74-7 | ||
| 999 | |c 9230 |d 9230 | ||